FC Bayern München Trivia - Statistics

General Stats
  • This quiz has been taken 1,223 times
    258 since last reset
  • The average score is 11 of 16
Answer Stats
Question Answer % Correct
What is the name of Bayern Munich’s stadium? Allianz Arena
99%
Which German is Bayern Munich’s all-time record goalscorer with 563? Gerd Müller
98%
Who is the current captain of Bayern Munich? Manuel Neuer
96%
Which Bayern Munich legend was named the club’s honorary captain at his farewell match in 2008? Oliver Kahn
95%
Who is the current head coach of Bayern Munich? Vincent Kompany
95%
Who is Bayern Munich’s record signing, arriving from Tottenham Hotspur for £86m in 2023? Harry Kane
92%
Which Bayern Munich player captained Germany to the 2014 FIFA World Cup? Philipp Lahm
85%
Which legendary Bayern Munich defender was nicknamed “Der Kaiser”, playing for the club from 1964 until 1977? Franz Beckenbauer
84%
Which of Bayern Munich’s nicknames translates into English as “The Reds”? Die {Roten}
73%
With which club does Bayern Munich contest the Munich Derby? 1860 Munich
69%
Who is Bayern Munich’s record sale, joining Juventus for £36m in 2018? Douglas Costa
54%
At which stadium did Bayern Munich play from 1972 until 2005? Olympiastadion
45%
Giovane Élber
37%
Which German holds the record for most Bayern Munich appearances with 700? Sepp Maier
37%
Who are the only two non-Germans to have been inducted into the Bayern Munich Hall of Fame? Bixente Lizarazu
17%
Who managed Bayern Munich to two consecutive European Cups in 1975 and 1976? Dettmar Cramer
7%
No matching quizzes found
Score Distribution
Percent of People with Each Score
Percentile by Number Answered
Your Score History
You have not taken this quiz since the last reset